A jó harci röplap elősegíti a gyakorlat sikerét
Elmentve itt :
| Szerző: | |
|---|---|
| Dokumentumtípus: | Cikk |
| Megjelent: |
1951
|
| Sorozat: | Honvéd : katonai folyóirat
6 No. 3 |
| Kulcsszavak: | Hadtudomány |
| Online Access: | http://misc.bibl.u-szeged.hu/14766 |
| LEADER | 00580nab a2200169 i 4500 | ||
|---|---|---|---|
| 001 | misc14766 | ||
| 005 | 20191106141711.0 | ||
| 008 | 170607s1951 hu o 0|| hun d | ||
| 040 | |a SZTE Miscellanea Repozitórium |b hun | ||
| 041 | |a hun | ||
| 100 | 1 | |a Ujvári Kálmán | |
| 245 | 1 | 2 | |a A jó harci röplap elősegíti a gyakorlat sikerét |h [elektronikus dokumentum] / |c Ujvári Kálmán |
| 260 | |c 1951 | ||
| 300 | |a 56-58 | ||
| 490 | 0 | |a Honvéd : katonai folyóirat |v 6 No. 3 | |
| 695 | |a Hadtudomány | ||
| 856 | 4 | 0 | |u http://misc.bibl.u-szeged.hu/14766/1/honved_006_003_056-058.pdf |z Dokumentum-elérés |